Halsbury's laws of England : Highways, streets and bridges, vol. 55. / (Record no. 3012)

MARC details
000 -LEADER
fixed length control field 01436nam a22002057a 4500
008 - FIXED-LENGTH DATA ELEMENTS--GENERAL INFORMATION
fixed length control field 140618b xxu||||| |||| 00| 0 eng d
020 ## - INTERNATIONAL STANDARD BOOK NUMBER
International Standard Book Number 9781405763684
050 ## - LIBRARY OF CONGRESS CALL NUMBER
Classification number KD310.H34(5e vol.55)
245 ## - TITLE STATEMENT
Title Halsbury's laws of England : Highways, streets and bridges, vol. 55. /
Statement of responsibility, etc. edited by Lord Mackay.
250 ## - EDITION STATEMENT
Edition statement 5th ed.
260 ## - PUBLICATION, DISTRIBUTION, ETC.
Place of publication, distribution, etc. London:
Name of publisher, distributor, etc. Lexis Nexis,
Date of publication, distribution, etc. 2012.
300 ## - PHYSICAL DESCRIPTION
Extent 877p.:
Dimensions 26cm.
440 ## - SERIES STATEMENT/ADDED ENTRY--TITLE
Name of part/section of a work Highways, streets and bridges.
Volume/sequential designation vol. 55
500 ## - GENERAL NOTE
General note Includes index.
505 ## - FORMATTED CONTENTS NOTE
Formatted contents note Contents: How to use Halsbury's laws of England -- References and abbreviations -- Table of statutes -- Table of statutory instruments -- Table of civil procedure -- Table of European Union legislation -- Table of cases -- Highways, streets and bridges: Table of contents -- Introduction -- Highway authorities -- Acquisition and use of land for highway purposes -- Creation of highways -- Public rights over highway land -- Private property rights and highway rights -- Repair and maintenance of highways -- Protection of highways and highway rights -- Statutory works in highways -- Improvement of highways -- Footpaths and other public rights of way -- Trunk roads and special roads -- Stopping up or diversion of highways -- Bridges and tunnels -- Legal proceedings, assessments and inquiries -- Miscellaneous and supplementary powers.
521 ## - TARGET AUDIENCE NOTE
Target audience note Includes index.
650 ## - SUBJECT ADDED ENTRY--TOPICAL TERM
Topical term or geographic name entry element Law.
800 ## - SERIES ADDED ENTRY--PERSONAL NAME
Personal name Mackay, Lord.
942 ## - ADDED ENTRY ELEMENTS (KOHA)
Source of classification or shelving scheme Library of Congress Classification
Koha item type Books
Holdings
Withdrawn status Lost status Source of classification or shelving scheme Damaged status Not for loan Home library Current library Shelving location Date acquired Total Checkouts Full call number Barcode Date last seen Copy number Price effective from Koha item type
    Library of Congress Classification     WISCONSIN INTERNATIONAL UNIVERSITY COLLEGE, GHANA - MAIN LIBRARY WISCONSIN INTERNATIONAL UNIVERSITY COLLEGE, GHANA - MAIN LIBRARY Law Library 18/06/2014   KD310.H34(5e vol.55) 1121/109/14 18/06/2014 1 18/06/2014 Books

If you have any concerns or questions; kindly contact the library


© Powered by WIUC ICT DIRECTORATE